000 01008nam a2200289 i 4500
001 106513
003 ES-MaACL
005 20250811101650.0
007 t|
008 061124s1977 sp a |||| | spa d
080 _a75 Esteve, Milagro (083.82)
100 1 _aEsteve, Milagro.
_948138
245 1 0 _aMilagro Esteve
_b: [exposición] Sala del Prado, abril 1977 /
_c[texto, A.M. Campoy].
260 _aMadrid :
_bAteneo de Madrid,
_c1977.
300 _a[12] p. :
_bil. ;
_c26 cm.
490 1 _aAteneo de Madrid. Sala del Prado
600 1 4 _aEsteve, Milagro-
_vExposiciones.
_948139
610 2 4 _aAteneo de Madrid-
_vExposiciones-
_y1970-1979.
_91921
655 7 _2tgfbne
_9193628
_aCatálogos de exposiciones
700 1 _aCampoy, A. M.,
_d1924-1993
_934292
710 2 _aAteneo de Madrid.
_bSala del Prado.
_91965
830 1 0 _aAteneo de Madrid.
_pSala del Prado
_9185209
852 4 _aES-MaACL
_j2209-F-18 ;
852 4 _aES-MaACL
_j2342-F-21.
942 _2udc
999 _c106513
_d106513